[Event "Wattens op"]
[Site "Wattens"]
[Date "1995.??.??"]
[Round "?"]
[White "Wurzer, Gerhard"]
[Black "Steck, Werner"]
[Result "1/2-1/2"]
[WhiteElo "1900"]
[BlackElo "1650"]

1.e4 e6 2.d4 d5 3.Nc3 Bb4 4.e5 Ne7 5.a3 Bxc3+ 6.bxc3 b6 7.f4 Ba6 8.Bxa6 Nxa6
9.Qd3 Qc8 10.Nf3 Nb8 11.O-O Qa6 12.Qxa6 Nxa6 13.a4 Nc6 14.Ba3 Na5 15.Nd2 c5
16.Rf3 Rc8 17.dxc5 bxc5 18.Rb1 O-O 19.Kf1 Rb8 20.Rb5 Nb7 21.Ke2 Rfc8 22.Rf1 Nc7
23.Rbb1 c4 24.Rb2 Nd8 25.Rfb1 Rxb2 26.Rxb2 Nc6 27.Rb7 Ne8 28.Nf3 f6 29.Nd4 Nxd4+
30.cxd4 Rc7 31.Rb8 Kf7 32.Bc5 a6 33.Ra8 Rc6 34.Ra7+ Kg6 35.Ra8 Kf7 36.a5 g5
37.g3 fxe5 38.fxe5 Nc7 39.Ra7 Kg6 40.Bb6 Nb5 41.Ra8 Kf5 42.Kd2 h5 43.Bc5 h4
44.gxh4 gxh4 45.h3 Ke4 46.c3 Kf3 47.Rg8 Rc7 48.Rg6 Rc6 49.Be7 Rc8 50.Rxe6 Rg8
51.Rf6+ Kg3 52.Rh6 Kxh3 53.Rxh4+ Kg3 54.Rh6 Kf3 55.Rh2 Nc7 56.Kc2 Rg2+ 57.Rxg2 Kxg2  1/2-1/2

[Event "Werfen op"]
[Site "Werfen"]
[Date "1995.??.??"]
[Round "9"]
[White "Hinteregger, Arthur"]
[Black "Berhard, P."]
[Result "1-0"]
[WhiteElo "2235"]
[BlackElo "1915"]

1.e4 e6 2.d4 d5 3.Nc3 Bb4 4.e5 Ne7 5.a3 Bxc3+ 6.bxc3 c5 7.Nf3 Nbc6 8.Bd3 c4
9.Bf1 O-O 10.g3 Ng6 11.Bg2 f5 12.exf6 Qxf6 13.O-O Bd7 14.a4 h6 15.Ne1 Nge7
16.f4 Nf5 17.Nf3 Qg6 18.Qe2 h5 19.Ng5 Nfxd4 20.cxd4 Nxd4 21.Qd2 Qf6 22.Bb2 Nf3+
23.Bxf3 Qxb2 24.Bxh5 c3 25.Qd3 Rf6 26.Rfb1  1-0

[Event "Sonnevanck-B"]
[Site "Wijk aan Zee"]
[Date "1995.??.??"]
[Round "2"]
[White "De Vreugt, Dennis"]
[Black "Bertholee, Rob"]
[Result "1/2-1/2"]
[WhiteElo "2270"]
[BlackElo "2345"]

1.e4 e6 2.d4 d5 3.Nc3 Bb4 4.e5 b6 5.Nf3 Qd7 6.h4 h5 7.Bg5 Nh6 8.Bxh6 Rxh6
9.Rh3 Ba6 10.Ng5 Bxf1 11.Kxf1 Nc6 12.Rf3 Nd8 13.Qd2 c5 14.a3 Bxc3 15.bxc3 Rc8
16.Re1 Qa4 17.Re2 Qxa3 18.Rg3 Qa1+ 19.Re1 Qa4 20.Nh3 Kf8 21.Qg5 Rh7 22.Nf4 Qxc2
23.dxc5 bxc5 24.Rf3 Ke8 25.Nxh5 Qg6 26.Qxg6 fxg6 27.Nf4 Rxh4 28.Nxg6 Rh1+
29.Ke2 Rxe1+ 30.Kxe1 Nf7 31.Rh3 Nh6 32.Rf3 a5 33.Kd2 Kd7 34.Nf8+ Ke7 35.Ng6+ Kd7
36.Nf8+ Ke7 37.Ng6+ Ke8 38.Kc2 c4 39.Rf8+ Kd7 40.Rxc8 Kxc8 41.Nf8 Ng4 42.Nxe6 Nxf2
43.Nf4 Nd3 44.Nxd5 Nxe5 45.Kb2 Kb7 46.Ka3 Kc6 47.Ne3 Kb5 48.Kb2 Nd3+ 49.Ka3 Nf2
50.Nf5 Nd1 51.Nxg7 Nxc3 52.g4 Ne4 53.Nf5 Kc5 54.Ne3 c3 55.Nc2 Kb5 56.Ne3 Kc5
57.Nc2 Kc4 58.Ka4 Kd3 59.Na1 Kd2 60.Kxa5 Kc1 61.Nb3+ Kc2 62.Kb4 Kb2 63.Nd4 Ng5
64.Ka4 Nf7 65.Kb4 Nh6 66.g5 Nf5 67.Nf3 Ne7 68.Ne1 Nd5+ 69.Kc5 Nf4 70.Kb4 Nd5+
71.Kc5 Ne7 72.Kb4 Nc6+ 73.Kc5 Ne5 74.Kd4 Ng6 75.Nd3+ Kc2 76.Nc5 Nh4 77.Na4 Nf3+
78.Ke3 Nxg5 79.Nxc3  1/2-1/2

[Event "Sonnevanck-A"]
[Site "Wijk aan Zee"]
[Date "1995.??.??"]
[Round "7"]
[White "Reinderman, Dimitri"]
[Black "Peng, Zhaoqin"]
[Result "1-0"]
[WhiteElo "2440"]
[BlackElo "2370"]

1.e4 e6 2.d4 d5 3.Nc3 Bb4 4.e5 Qd7 5.Bd2 b6 6.Bb5 c6 7.Ba4 a5 8.a3 Bxc3 9.Bxc3 Ne7
10.Bd2 Ba6 11.h4 Qa7 12.c3 Bd3 13.h5 Qa6 14.h6 gxh6 15.Nh3 Be4 16.f3 Bg6
17.Bxh6 Nf5 18.Bg5 b5 19.Bc2 h6 20.Bxf5 Bxf5 21.Nf4 Rg8 22.Bf6 Nd7 23.Rxh6 Nxf6
24.exf6 O-O-O 25.Qe2 Qb6 26.Kf2 c5 27.Qe3 Rge8 28.Rh5 Kb7 29.dxc5 Qc6 30.Ne2 Bg6
31.Re5 b4 32.axb4 axb4 33.cxb4 Ra8 34.Ra3 Qb5 35.Qc3 Rxa3 36.bxa3 Ra8 37.Nd4  1-0

[Event "RUS-sf"]
[Site "Yaroslavl"]
[Date "1995.??.??"]
[Round "2"]
[White "Kozak, Vadim"]
[Black "Borisenko, Andrei"]
[Result "1/2-1/2"]
[WhiteElo "2245"]
[BlackElo "2420"]

1.e4 e6 2.d4 d5 3.Nc3 Bb4 4.e5 b6 5.Qg4 Bf8 6.Bb5+ c6 7.Ba4 Ba6 8.Nce2 Bb5
9.Bb3 Ne7 10.c3 Bd3 11.Nf4 Bf5 12.Qe2 h6 13.g4 Be4 14.f3 Bh7 15.Nh5 Bg6 16.Ng3 c5
17.f4 Nbc6 18.Nf3 Qd7 19.O-O cxd4 20.Nxd4 Nxd4 21.cxd4 O-O-O 22.f5 Bh7 23.Be3 Kb8
24.Bc2 Rc8 25.Bd3 Nc6 26.Rac1 Be7 27.a3 Bg5 28.b4 Rc7 29.Bxg5 hxg5 30.Qe3 exf5
31.gxf5 f6 32.Bb5 Qc8 33.Bxc6 Rxc6 34.Rxc6 Qxc6 35.Rc1 Qd7 36.e6 Qb5  1/2-1/2

[Event "Zadar op"]
[Site "Zadar"]
[Date "1995.??.??"]
[Round "?"]
[White "Fercec, Nenad"]
[Black "Brkic, Djordje2"]
[Result "1-0"]
[WhiteElo "2410"]
[BlackElo "2225"]

1.e4 e6 2.d4 d5 3.Nc3 Bb4 4.e5 Ne7 5.a3 Ba5 6.b4 Bb6 7.Na4 h6 8.c3 Bd7 9.Bd3 a5
10.Nxb6 cxb6 11.b5 O-O 12.a4 f5 13.exf6 Rxf6 14.Nf3 Be8 15.Ne5 Ng6 16.O-O Nd7
17.Ng4 Rf8 18.Ba3 Ne7 19.Re1 Bf7 20.Re3 h5 21.Nh6+ gxh6 22.Rg3+ Kh8 23.Qd2 Ng8
24.Rxg8+ Kxg8 25.Qxh6 Nf6 26.Re1 Ne4 27.Rxe4  1-0

[Event "Zaragoza op-A"]
[Site "Zaragoza"]
[Date "1995.??.??"]
[Round "1"]
[White "Sion Castro, Marcelino"]
[Black "Apicella, Manuel"]
[Result "1/2-1/2"]
[WhiteElo "2390"]
[BlackElo "2505"]

1.e4 e6 2.d4 d5 3.Nc3 Bb4 4.e5 Ne7 5.a3 Bxc3+ 6.bxc3 c5 7.Nf3 Nbc6 8.Be2 Qa5
9.Bd2 Bd7 10.O-O f6 11.c4 Qc7 12.cxd5 Nxd5 13.c4 Nde7 14.exf6 gxf6 15.Bc3 O-O-O
16.d5 exd5 17.cxd5 Be6 18.Bxf6 Rhf8 19.Bxe7 Qxe7 20.dxc6 Rxd1 21.cxb7+ Kb8
22.Rfxd1 Bh3 23.Bf1 Qg7 24.Rab1 Bf5 25.Rb5 Be4 26.Ne1 Qf6 27.f3 Bc6 28.Rxc5 Bxb7
29.Rb5 Ka8 30.Rb3 Re8 31.Nd3 Bd5 32.Rbb1 Qc3  1/2-1/2

[Event "Zlin-B"]
[Site "Zlin"]
[Date "1995.??.??"]
[Round "?"]
[White "Sluka, Radek"]
[Black "Shtyrenkov, Veniamen"]
[Result "1-0"]
[WhiteElo "2310"]
[BlackElo "2455"]

1.e4 e6 2.d4 d5 3.Nc3 Bb4 4.e5 Qd7 5.Bd2 b6 6.a3 Bf8 7.Qg4 Ne7 8.Nf3 Ba6
9.Bxa6 Nxa6 10.O-O c5 11.a4 Nf5 12.Nb5 Nb4 13.dxc5 bxc5 14.Bxb4 cxb4 15.Nfd4 a6
16.Nd6+ Nxd6 17.exd6 e5 18.Qg5 f6 19.Qe3 Bxd6 20.Ne2 O-O 21.Qb3 Qf7 22.Rfd1 d4
23.Qxf7+ Kxf7 24.c3 Rac8 25.Rac1 bxc3 26.bxc3 Ba3 27.Rc2 Bb4 28.c4 Rc7 29.f4 Bc5
30.Kf1 e4 31.Nxd4 Rd8 32.Rcd2 e3 33.Rd3 Rcd7 34.Nc6 e2+ 35.Kxe2 Re8+ 36.Ne5+ fxe5
37.Rxd7+ Kf6 38.fxe5+ Rxe5+ 39.Kf1 Re4 40.Rc1 Rf4+ 41.Ke1 Re4+ 42.Kd2 Rf4
43.Rd5 Be7 44.Ke3 Rh4 45.h3 Rh6 46.Kd3 Kf7 47.c5 Rc6 48.Kc4 g6 49.Rb1 Re6
50.Rd7  1-0

[Event "Zlin op"]
[Site "Zlin"]
[Date "1995.??.??"]
[Round "7"]
[White "Veselovsky, Sergey"]
[Black "Masternak, Grzegorz"]
[Result "1-0"]
[WhiteElo "2450"]
[BlackElo "2350"]

1.e4 e6 2.d4 d5 3.Nc3 Bb4 4.e5 Ne7 5.Bd2 c5 6.Nce2 Bxd2+ 7.Qxd2 Nbc6 8.f4 cxd4
9.Nf3 Qb6 10.O-O-O Nf5 11.Nexd4 Nfxd4 12.Nxd4 Nxd4 13.Qxd4 Qxd4 14.Rxd4 Bd7
15.Be2 h5 16.h4 g6 17.Rh3 Ke7 18.Rb4 Bc6 19.Rc3 Rhc8 20.g3 Rc7 21.Kd2 Rac8
22.Ke3 Bd7 23.Rxc7 Rxc7 24.Bd3 Kd8 25.Kd4 b6 26.Rb3 Ba4 27.Rc3 Rxc3 28.Kxc3 Bc6
29.Kd4 Ke7 30.f5 exf5 31.Be2 Ke6 32.Bf3 b5 33.a4 a6 34.Bg2 Bb7 35.a5 Bc6
36.c3 f6 37.exf6 Kxf6 38.Kc5 Ba8 39.Kb6 g5 40.Ka7 d4 41.Bxa8 d3 42.hxg5+ Kxg5
43.Bf3 h4 44.gxh4+ Kxh4 45.Kxa6 Kg3 46.Bh5 f4 47.Kxb5 f3 48.Bxf3 Kxf3 49.a6 d2
50.a7 d1=Q 51.a8=Q+ Kg3 52.Qg8+ Kh3 53.Qe6+ Kg2 54.Qe4+ Kh3 55.Kc6 Qh5 56.c4  1-0

[Event "Hallsberg opJ32"]
[Site "Hallsberg"]
[Date "1996.12.31"]
[Round "4"]
[White "Ernst, Thomas"]
[Black "Von Bahr, Oskar"]
[Result "1-0"]
[WhiteElo "2390"]
[BlackElo "2180"]

1.e4 e6 2.d4 d5 3.Nc3 Bb4 4.e5 Qd7 5.a3 Bxc3+ 6.bxc3 b6 7.Qg4 f5 8.Qh5+ Qf7
9.Qd1 Qd7 10.Nf3 Ba6 11.Bd3 Bxd3 12.cxd3 Nc6 13.a4 O-O-O 14.O-O h6 15.Nd2 g5
16.Nb3 Nge7 17.Ba3 f4 18.Bxe7 Qxe7 19.a5 h5 20.f3 g4 21.Qd2 Qh7 22.axb6 cxb6
23.Nc1 Rdf8 24.Ne2 Na5 25.Ra2 Kb8 26.Nxf4 Qh6 27.fxg4 hxg4 28.g3 Rc8 29.Rb1 Nc6
30.Qb2 Rc7 31.c4 dxc4 32.dxc4 Ne7 33.c5 Rb7 34.cxb6 Rxb6 35.Qc1 Rc8 36.Rxb6+ axb6
37.Qa3 Nc6 38.Rb2 Kc7  1-0

[Event "Aegina op"]
[Site "Aegina"]
[Date "1996.??.??"]
[Round "6"]
[White "Palamidas, Evangelos"]
[Black "Tantsis, Georgios"]
[Result "1/2-1/2"]
[WhiteElo "2220"]
[BlackElo "2150"]

1.e4 e6 2.d4 d5 3.Nc3 Bb4 4.e5 Ne7 5.a3 Bxc3+ 6.bxc3 c5 7.h4 Qc7 8.Nf3 Nbc6
9.h5 h6 10.a4 Bd7 11.Bb5 Qa5 12.O-O Nxe5 13.Nxe5 Bxb5 14.axb5 Qxa1 15.Qf3 f6
16.Bxh6 Qxf1+ 17.Kxf1 Rxh6 18.Ng4 a5 19.bxa6 bxa6 20.Nxh6 gxh6 21.Qxf6 Kd7
22.Ke1 c4 23.Kd2 a5 24.Kc1 Rb8 25.f4 a4 26.f5 Nxf5 27.Qe5 Rg8 28.Qh2 Rg5
29.Kb2 Ne3 30.Qf4 Nf5 31.g4 Nd6 32.Ka3 Ke7 33.Kxa4 Rg8 34.Qxh6 Rxg4 35.Ka5 Nf7
36.Qe3 Rh4 37.Qf3 Rh2 38.Kb6 Rh4 39.Kc7 Rh2 40.Kc6 Nd8+ 41.Kc5 Nf7 42.Qg4 Rh1
43.Kb4 Rh2 44.Ka3 Rh1 45.Kb2 Rh2 46.Kc1 Rh1+ 47.Kd2 Nd6 48.Qg5+ Kf7 49.Qg6+ Ke7
50.Qg5+ Kf7 51.Ke2 Rh2+ 52.Kf1 Nf5 53.Kg1 Rh4 54.Kg2 Ke8 55.Kf2 Kf7 56.Ke1 Rh1+
57.Kd2 Ke8 58.Qg2 Rh4 59.Kc1 Kf7 60.Qg5 Rh1+ 61.Kb2 Rh3 62.Qg6+ Ke7 63.Qh7+ Kf8
64.Qg6 Ke7 65.Qg4 Rg3 66.Qf4 Rh3 67.Qc7+ Ke8 68.Qh7 Kf8 69.Ka3 Rxc3+ 70.Kb4 Rxc2
71.h6 Rh2 72.Qh8+ Kf7 73.Qh7+ Kf8 74.Qh8+ Kf7 75.Qh7+ Kf8  1/2-1/2

[Event "Donner mem op"]
[Site "Amsterdam"]
[Date "1996.??.??"]
[Round "7"]
[White "David, Alberto"]
[Black "Conquest, Stuart"]
[Result "1-0"]
[WhiteElo "2435"]
[BlackElo "2585"]

1.e4 e6 2.d4 d5 3.Nc3 Bb4 4.e5 b6 5.Qg4 Bf8 6.Bb5+ c6 7.Ba4 a5 8.a3 Ne7 9.Nce2 Ba6
10.c3 Nd7 11.Nh3 Qc7 12.O-O Nf5 13.Re1 h6 14.Nef4 O-O-O 15.Bc2 g6 16.Nxe6 fxe6
17.Nf4 Ng7 18.Bxg6 Kb7 19.Nxe6 Nxe6 20.Qxe6 b5 21.Qh3 Nb6 22.f4 c5 23.f5 cxd4
24.cxd4 Qc2 25.Bg5 Rc8 26.Bf6 Rg8 27.Bf7 Rg5 28.Bxg5 hxg5 29.f6 Qxb2 30.Rad1 b4
31.e6 Be2 32.e7 Bxd1 33.Qxc8+ Nxc8 34.exf8=Q Qxd4+ 35.Kh1 b3 36.Qd8 Nb6 37.Bxd5+ Nxd5
38.f7 Qd2 39.Rg1 b2 40.Qd7+ Ka6 41.Qd6+ Ka7 42.f8=Q b1=Q 43.Qc5+ Nb6 44.Qfd6  1-0

[Event "GRE-chT"]
[Site "Athens"]
[Date "1996.??.??"]
[Round "1"]
[White "Arakhamia, Ketevan"]
[Black "Daniilidis, Aris"]
[Result "1-0"]
[WhiteElo "2455"]
[BlackElo "2325"]

1.e4 e6 2.d4 d5 3.Nc3 Bb4 4.e5 b6 5.Qg4 Bf8 6.Nge2 Qd7 7.a4 Nc6 8.Ng3 Nb4
9.Qd1 a5 10.Bb5 c6 11.Be2 g6 12.h4 h5 13.Bg5 Be7 14.Qd2 Bxg5 15.hxg5 Ne7
16.Nd1 Ba6 17.c3 Bxe2 18.Nxe2 Na6 19.Ne3 c5 20.Ng4 O-O-O 21.Nf6 Qc7 22.O-O Kb7
23.Rfc1 Nc6 24.b3 Rc8 25.f4 Qe7 26.Rab1 Rhd8 27.Kh2 cxd4 28.cxd4 Qb4 29.Qd3 Ne7
30.Nc3 Nf5 31.Nb5 Nb8 32.Rxc8 Rxc8 33.g4 hxg4 34.Nxg4 Rh8+ 35.Kg2 Nc6 36.Rc1 Nfxd4
37.Nd6+ Ka7 38.Nh6 Qa3 39.Nb5+ Nxb5 40.Rxc6 Qb2+ 41.Rc2 Qd4 42.Rc7+ Kb8 43.Qxd4 Nxd4
44.Rxf7 Rc8 45.Rf6 Rc2+ 46.Kg3 Rc3+ 47.Kg4 b5 48.Rxg6 Rxb3 49.Rf6 bxa4 50.g6 Nf5
51.Nxf5 exf5+ 52.Rxf5 Rb7 53.Rf7 a3 54.g7  1-0

[Event "GRE-ARM"]
[Site "Athens"]
[Date "1996.??.??"]
[Round "2"]
[White "Makropoulou, Marina"]
[Black "Mkrtchan, Lilit"]
[Result "1-0"]
[WhiteElo "2250"]
[BlackElo "2195"]

1.e4 e6 2.d4 d5 3.Nc3 Bb4 4.e5 Qd7 5.Bd2 Bxc3 6.bxc3 b6 7.Nh3 Ba6 8.Bxa6 Nxa6
9.Qe2 Nb8 10.O-O Nc6 11.Bg5 f6 12.exf6 gxf6 13.Bh4 O-O-O 14.a4 a5 15.Nf4 Re8
16.Qa6+ Kb8 17.Rab1 h5 18.Rfe1 Rh6 19.Nd3 Qc8 20.Qb5 Nge7 21.Bg3 Ka8 22.Nc1 h4
23.Bf4 Rg6 24.g3 Rg7 25.Nb3 Na7 26.Qd3 Ng6 27.Bh6 Rgg8 28.c4 dxc4 29.Qf3+ Qb7
30.Qxb7+ Kxb7 31.Nxa5+ Kc8 32.Nxc4 Nc6 33.c3 Kd7 34.Ra1 Ra8 35.Bc1 Nge7 36.Bd2 Rh8
37.Kg2 Ra7 38.Nb2 Rha8 39.Rad1 Rg8 40.Re4 Nf5 41.Rde1 Nd8 42.c4 c6 43.Bc3 hxg3
44.hxg3 Rh8 45.Rg4 Kc8 46.Rg6 Rf8 47.Rh1 Rd7 48.Rg4 Nb7 49.Re4 Nd8 50.g4 Rg8
51.Kf1 Nd6 52.Rf4 f5 53.gxf5 Nxf5 54.Rg1 Rh8 55.Ke2 Rh3 56.Rc1 Kb7 57.Nd3 Nf7
58.a5 Ka7 59.axb6+ Kxb6 60.Nc5 Ra7 61.Nxe6 Ra2+ 62.Bd2 N7h6 63.Rb1+ Ka7 64.Nc5 Nd6
65.d5 Rh5 66.Nd3 cxd5 67.Nb4 Rxd2+ 68.Kxd2 Nxc4+ 69.Kc3 Nb6 70.Nd3 Nf5 71.Rfb4 Rh6
72.Nc5 Rc6 73.Ra1+ Kb8 74.Rxb6+ Rxb6 75.Nd7+ Kb7 76.Nxb6 Kxb6 77.Kd3 Kc5
78.Ra5+ Kd6 79.f4 Ng3 80.Ra6+ Kc5 81.Ra5+ Kd6 82.Ke3 Nf5+ 83.Kd3 Ng3 84.Ra8 Ke6
85.Rf8 Ke7 86.Rg8 Nf5 87.Rg6 Kf7 88.Ra6 Ke7 89.Kd2 Nd6 90.Kc3 Ke6 91.Kd4 Ke7
92.Kxd5 Nf5 93.Ke5 Ne3 94.Ra7+ Ke8 95.f5  1-0

[Event "AUT-chT2W 9596"]
[Site "Austria"]
[Date "1996.??.??"]
[Round "?"]
[White "Frick, Renato"]
[Black "Gottsmann, Herbert"]
[Result "1-0"]
[WhiteElo "2155"]
[BlackElo "2135"]

1.e4 e6 2.d4 d5 3.Nc3 Bb4 4.e5 Qd7 5.a3 Bxc3+ 6.bxc3 b6 7.f4 Ne7 8.Nf3 Qa4
9.Bd3 Ba6 10.O-O h5 11.Ne1 Bxd3 12.Qxd3 Nbc6 13.g3 Na5 14.Ng2 Nc4 15.Rb1 Nf5
16.Rb4 Qd7 17.Rd1 b5 18.Rb1 g6 19.Ra1 a5 20.Qf3 a4 21.Ne1 c5 22.dxc5 Qa7
23.Nd3 Kf8 24.Rb1 Rb8 25.Qf2 Kg7 26.h3 Qb7 27.Nb4 Rbc8 28.Nd3 d4 29.cxd4 h4
30.g4 Ng3 31.Qg2 Qxg2+ 32.Kxg2 Ne2 33.Rxb5 Nc3 34.Rb4 Nxd1 35.Rxc4 Rb8 36.Nb4 Rbc8
37.Kf3 Rhd8 38.Ke2 Nc3+ 39.Rxc3 Rxd4 40.Be3 Rdd8 41.c6  1-0

[Event "AUT-chT9697"]
[Site "Austria"]
[Date "1996.??.??"]
[Round "2"]
[White "Roth, Peter"]
[Black "Topakian, Raffi"]
[Result "1-0"]
[WhiteElo "2295"]
[BlackElo "2340"]

1.e4 e6 2.d4 d5 3.Nc3 Bb4 4.e5 b6 5.Bd2 Qd7 6.a3 Bf8 7.Bb5 c6 8.Ba4 a5 9.Nce2 Ba6
10.Nf3 Ne7 11.c3 Bb5 12.Bc2 a4 13.O-O c5 14.Be3 Nec6 15.Re1 Na5 16.Nf4 Nc4
17.Rb1 g6 18.Nd3 h6 19.h4 Nc6 20.dxc5 Nxe3 21.Rxe3 bxc5 22.Nf4 Rg8 23.Nh2 h5
24.Nf3 Bh6 25.Ng5 Bxg5 26.hxg5 Na5 27.Nd3 Nc4 28.Rf3 Qa7 29.Rf6 O-O-O 30.Qc1 Rd7
31.Qf4 Rgd8 32.Ne1 Qc7 33.Nf3 Nb6 34.Rc1 Kb8 35.b3 axb3 36.Bxb3 Ka8 37.a4 Bd3
38.a5 Nc4 39.Bxc4 Bxc4 40.Nd2 Bd3 41.Qe3 c4 42.Nf3 Rb8 43.Nd4 Re7 44.Kh2 Rb2
45.Ra1 Qc5 46.Kg3 Rb3 47.Qc1 Be4 48.f3 Bd3 49.a6 Qb6 50.a7 Rb1 51.Qa3 Qc7
52.Rxb1 Bxb1 53.Nc6 Re8 54.Qd6 Rc8 55.Ne7 Qxd6 56.exd6 Rd8 57.Rxf7 Rd7 58.Kf4 d4
59.cxd4 c3 60.Ke5 c2 61.Rf8+ Kxa7 62.Rc8 Rb7 63.Kxe6 Rb4  1-0

[Event "AUT-chT9596"]
[Site "?"]
[Date "1996.??.??"]
[Round "?"]
[White "Atlas, Valeri"]
[Black "Farago, Ivan"]
[Result "1/2-1/2"]
[WhiteElo "2440"]
[BlackElo "2525"]

1.e4 e6 2.d4 d5 3.Nc3 Bb4 4.e5 Ne7 5.a3 Bxc3+ 6.bxc3 c5 7.Qg4 Qc7 8.Bd3 c4
9.Bf1 O-O 10.Ne2 f6 11.f4 Nbc6 12.Ng3 f5 13.Qf3 Qa5 14.Bd2 Qa4 15.Qd1 Bd7
16.Be2 b5 17.O-O Qa5 18.h3 Qb6 19.Be3 a5 20.Rb1 Rab8 21.Kh2 Ng6 22.Nh5 Qd8
23.g4 Qe7 24.Bc1 b4  1/2-1/2

[Event "AUT-chT9596"]
[Site "?"]
[Date "1996.??.??"]
[Round "?"]
[White "Neulinger, Manfred"]
[Black "Thoma, Robert"]
[Result "1/2-1/2"]
[WhiteElo "2360"]
[BlackElo "2270"]

1.e4 e6 2.d4 d5 3.Nc3 Bb4 4.e5 b6 5.Bd2 a5 6.Nb5 Bf8 7.Nf3 c6 8.Nc3 h6 9.Ne2 Ba6
10.g3 Ne7 11.Bg2 c5 12.dxc5 bxc5 13.O-O Nbc6 14.Re1 Rb8 15.b3 Ng6 16.h4 Be7
17.Nf4 Nxf4 18.Bxf4 Qb6 19.h5 a4 20.Nd2 axb3 21.axb3 O-O 22.Qg4 Kh8 23.c4 Rbd8
24.cxd5 exd5 25.e6 Bc8 26.Nf3 Bxe6 27.Rxe6 fxe6 28.Qxe6 Bf6  1/2-1/2

[Event "AUT-chT2S 9596"]
[Site "AUT"]
[Date "1996.??.??"]
[Round "?"]
[White "Brod, Manfred"]
[Black "Reschun, Sascha"]
[Result "1/2-1/2"]
[WhiteElo "2255"]
[BlackElo "2235"]

1.e4 e6 2.d4 d5 3.Nc3 Bb4 4.e5 Qd7 5.a3 Bxc3+ 6.bxc3 b6 7.h4 Ba6 8.Bxa6 Nxa6
9.a4 Ne7 10.h5 O-O-O 11.Qd3 Nb8 12.a5 Nec6 13.axb6 cxb6 14.Bg5 Rdf8 15.h6 f5
16.hxg7 Qxg7 17.Bf6 Qxg2 18.Qf3 Rhg8 19.Qxg2 Rxg2 20.Ne2 Rgg8 21.Nf4  1/2-1/2

[Event "AUT-chT2O 9596"]
[Site "AUT"]
[Date "1996.??.??"]
[Round "9"]
[White "Schuh, Franz"]
[Black "Obermayr, Hermann"]
[Result "1-0"]
[WhiteElo "2280"]
[BlackElo "2105"]

1.e4 e6 2.d4 d5 3.Nc3 Bb4 4.e5 Ne7 5.Nf3 c5 6.a3 Bxc3+ 7.bxc3 Bd7 8.a4 Qa5
9.Bd2 Nbc6 10.Be2 f6 11.c4 Qc7 12.exf6 gxf6 13.cxd5 Nxd5 14.c3 O-O-O 15.O-O Rhg8
16.Re1 e5 17.c4 Nf4 18.Bxf4 exf4 19.d5 Bh3 20.Bf1 Bg4 21.Qb3 Bxf3 22.Qxf3 Nd4
23.Qc3 Rg5 24.Kh1 Rdg8 25.Rad1 Re5 26.Rd3 Rge8 27.Red1 Re4 28.a5 Qe7 29.Rb1 Re1
30.Rdd1 Rxd1 31.Rxd1 Kb8 32.h3 h5 33.Rb1 Qd6 34.Re1 Rxe1 35.Qxe1 Qe5 36.Qxe5+ fxe5
37.Bd3 Nb3 38.g4 fxg3 39.fxg3 Kc7 40.g4 hxg4 41.h4 Nd2 42.h5 Nf3 43.h6 Ng5
44.Bg6 a6 45.h7 Nxh7 46.Bxh7 b6 47.axb6+ Kxb6 48.Kg2 a5 49.Bc2  1-0

[Event "Balatonalm di op"]
[Site "Balaton"]
[Date "1996.??.??"]
[Round "5"]
[White "Forgacs, Attila"]
[Black "Szelenyi, Norbert"]
[Result "1/2-1/2"]
[WhiteElo "2195"]
[BlackElo "2330"]

1.e4 e6 2.d4 d5 3.Nc3 Bb4 4.e5 Ne7 5.a3 Bxc3+ 6.bxc3 c5 7.Qg4 Qc7 8.Bd3 c4
9.Be2 Nf5 10.Qh3 Nc6 11.g4 Nfe7 12.Nf3 h6 13.g5 h5 14.Nh4 g6 15.f4 Bd7 16.Kf2 Qa5
17.Qe3 Qa4 18.Ra2 O-O-O 19.Bd2 Kb8 20.Rb1 Ka8 21.Bf3 Rb8 22.Qe1 b5 23.Rbb2 Qa5
24.Bg2 Rb6 25.Bh3 Rc8 26.Nf3 Rcb8 27.Ra1 Ra6 28.Rba2 Qc7 29.Qb1 Ra4 30.Qb2 Qa5
31.Ke3 Kb7 32.Ke2 Kc8 33.Kf2 Qb6 34.Kg2 Qa5 35.Kf2 Rb6 36.Ke2 Ra6 37.Kf2 Qb6
38.Kg2 Qb7 39.Kf2 R4a5 40.Kg2 Kc7 41.Qc1 Rb6 42.Qe1 Kb8 43.Kf2 Qa6 44.Kg3 Ka8
45.Kf2 Ra4 46.Qb1  1/2-1/2

[Event "Balatonbereny op"]
[Site "Balatonbereny"]
[Date "1996.??.??"]
[Round "1"]
[White "Szonyi, Kata"]
[Black "Almasi, Istvan"]
[Result "0-1"]
[WhiteElo "2160"]
[BlackElo "2405"]

1.e4 e6 2.d4 d5 3.Nc3 Bb4 4.e5 Ne7 5.Qg4 c5 6.Nf3 cxd4 7.Nxd4 O-O 8.Bd3 Ng6
9.Bxg6 fxg6 10.O-O Be7 11.Re1 Nc6 12.Nf3 Qb6 13.a3 Rf5 14.b4 Bd7 15.Be3 Qd8
16.Bf4 h5 17.Qg3 g5 18.Be3 g4 19.Nd4 Bh4 20.Nxf5 Bxg3 21.Nxg3 d4  0-1

[Event "Balatonbereny IM-A"]
[Site "Balatonbereny"]
[Date "1996.??.??"]
[Round "3"]
[White "Hetey, Laszlo"]
[Black "Portisch, Ferenc"]
[Result "1-0"]
[WhiteElo "2345"]
[BlackElo "2400"]

1.e4 e6 2.d4 d5 3.Nc3 Bb4 4.e5 Ne7 5.Qg4 Kf8 6.a3 Bxc3+ 7.bxc3 b6 8.h4 Ba6
9.h5 h6 10.Rh3 Bxf1 11.Kxf1 c5 12.Rf3 Kg8 13.Ne2 Nd7 14.Qf4 Qe8 15.a4 Nc6
16.Rg3 Rc8 17.Qg4 Qf8 18.Nf4 Rc7 19.Nxe6 fxe6 20.Qxe6+ Qf7 21.Qd6 Nf8 22.Rf3 Qe7
23.Qxd5+ Ne6 24.a5 Nxa5 25.Qa8+ Qd8 26.Qxd8+ Nxd8 27.d5 Nf7 28.e6 Nd6 29.Rxa5 bxa5
30.Bf4 Ne8 31.Bxc7 Nxc7 32.e7 Ne8 33.Rf8+ Kh7 34.Rxe8  1-0

[Event "Barbera op"]
[Site "Barbera"]
[Date "1996.??.??"]
[Round "2"]
[White "Rodriguez, Amador"]
[Black "Peric, Slavisa"]
[Result "1/2-1/2"]
[WhiteElo "2510"]
[BlackElo "2365"]

1.e4 e6 2.d4 d5 3.Nc3 Bb4 4.e5 Qd7 5.a3 Bxc3+ 6.bxc3 b6 7.a4 Ba6 8.Bxa6 Nxa6
9.Qg4 f5 10.Qh5+ g6 11.Qe2 Nb8 12.h4 h6 13.Nh3 Nc6 14.Nf4 Nge7 15.Ba3 Rg8
16.f3 Na5 17.g4 fxg4 18.fxg4 Nec6 19.Qd3 Nc4 20.Nxg6 Nxa3 21.Rxa3 Ne7 22.Nf4 Rxg4
23.Qf3 Rxf4 24.Qxf4 Nf5 25.a5 b5 26.Ra1 c5 27.dxc5 Qc7 28.Rb1 Qxc5 29.Qb4 Qe3+
30.Kd1 a6  1/2-1/2

[Event "Barbera op"]
[Site "Barbera"]
[Date "1996.??.??"]
[Round "3"]
[White "Glimbrant, Torbjorn"]
[Black "Dvorietzky, Mark I"]
[Result "1/2-1/2"]
[WhiteElo "2270"]
[BlackElo "2475"]

1.e4 e6 2.d4 d5 3.Nc3 Bb4 4.e5 Ne7 5.a3 Bxc3+ 6.bxc3 c5 7.Nf3 b6 8.a4 Ba6
9.Bb5+ Bxb5 10.axb5 Nd7 11.O-O O-O 12.Qe2 Qc7 13.Ra2 Rfc8 14.Bg5 Ng6 15.Rfa1 cxd4
16.cxd4 Nb8 17.g3 Qd7 18.Ra4 h6 19.Bc1 Rc7 20.R1a2 Qc8 21.Ba3 a5 22.bxa6 Rxa6
23.Rxa6 Nxa6 24.h4 Rc4 25.h5 Nf8 26.Bxf8 Kxf8 27.Nd2 Rxc2 28.Rxc2 Qxc2 29.Qxa6 Qxd2
30.Qc8+ Ke7 31.Qc7+ Ke8 32.Qc8+  1/2-1/2

[Event "Oberliga Bayern9596"]
[Site "Bayern"]
[Date "1996.??.??"]
[Round "?"]
[White "Schoellmann, Jochen"]
[Black "De Francesco, Klaus"]
[Result "1-0"]
[WhiteElo "2360"]
[BlackElo "2280"]

1.e4 e6 2.d4 d5 3.Nc3 Bb4 4.e5 b6 5.a3 Bf8 6.f4 Ba6 7.Bxa6 Nxa6 8.Qd3 Nb8
9.Nf3 Qd7 10.Be3 Nc6 11.O-O-O Nge7 12.g4 g6 13.Nh4 h5 14.h3 Na5 15.f5 gxf5
16.gxf5 Nc4 17.Bg5 Bh6 18.Rhg1 O-O-O 19.Bxh6 Rxh6 20.Rg7 Nxf5 21.Nxf5 exf5
22.b3 Na5 23.Rf1 Rg6 24.Rh7 Rg5 25.h4 Rg4 26.Rxf5 Rf8 27.Qf1 Qc6 28.Kb2 Rg3
29.Rf3 Rxf3 30.Qxf3 Qg6 31.Qxd5 c6 32.Qe4 Rd8 33.Qxg6 fxg6 34.Ne2 Rg8 35.Rxa7 Kb8
36.Rf7 Nb7 37.Nf4 Nd8 38.Rf6 g5 39.hxg5  1-0

[Event "Regionalliga SW9596"]
[Site "Bayern"]
[Date "1996.??.??"]
[Round "?"]
[White "Wolf, Thomas"]
[Black "Buchweitz, Joerg"]
[Result "0-1"]
[WhiteElo "2080"]
[BlackElo "2075"]

1.e4 e6 2.d4 d5 3.Nc3 Bb4 4.e5 b6 5.Qg4 Bf8 6.f4 Ne7 7.Bd2 Ba6 8.Bxa6 Nxa6
9.O-O-O Nf5 10.Nf3 Qd7 11.Kb1 O-O-O 12.Qh3 c5 13.dxc5 Bxc5 14.Rhe1 h5 15.g3 Nc7
16.Qf1 Kb7 17.Qe2 Ka8 18.Qd3 Rc8 19.Ne4 Qe7 20.Nxc5 bxc5 21.c4 Rhd8 22.Ba5 Rd7
23.Bxc7 Rcxc7 24.cxd5 Rxd5 25.Qe4 Rd7 26.Rd3 Qd8 27.Rc1 Kb8 28.Rb3+ Kc8 29.Rxc5+ Rc7
30.Rxc7+ Qxc7 31.a3 Kd8 32.Rc3 Qb6 33.Qc4 Rd7 34.Rb3 Ne3 35.Rxb6 Nxc4 36.Rb4 Ne3
37.Ng5 Nf1 38.Rb8+ Kc7 39.Ra8 Kc6 40.Rc8+ Kd5 41.Rf8 Nxh2 42.Nxf7 Nf1 43.Ng5 Nxg3
44.Re8 h4 45.Rh8 Nf5 46.b3 Nh6 47.Kb2 Nf5 48.a4 Nh6 49.Rc8 Nf7 50.Rc2 Nxg5
51.Rd2+ Kc6 52.Rc2+ Kb6 53.fxg5 Rd4 54.g6 Rg4 55.Rh2 a5 56.Rd2 h3 57.Ka3 Rh4
58.Rh2 Kc5 59.Kb2 Kd4 60.b4 axb4 61.a5 Kc5 62.Kb3 Kb5 63.a6 Kxa6 64.Ka4 Kb6
65.Kb3 Kc5  0-1

[Event "Regionalliga SO9596"]
[Site "Bayern"]
[Date "1996.??.??"]
[Round "?"]
[White "Pflug, Matthias"]
[Black "Weinberger, Wolfgang"]
[Result "0-1"]
[WhiteElo "1810"]
[BlackElo "2015"]

1.e4 e6 2.d4 d5 3.Nc3 Bb4 4.e5 b6 5.Bb5+ c6 6.Bd3 Ba6 7.Ne2 Bxd3 8.Qxd3 Ne7
9.a3 Bxc3+ 10.Nxc3 O-O 11.Bg5 Nd7 12.O-O c5 13.f4 cxd4 14.Qxd4 h6 15.Bxe7 Qxe7
16.Kh1 Rac8 17.Qd2 Qc5 18.Rad1 b5 19.f5 Nxe5 20.f6 Nc4 21.Qf4 g5 22.Qf3 Rc7
23.Nxd5 exd5 24.Rxd5 Qe3 25.Qh5 Kh7 26.h4 Rg8 27.Rfd1 Qf4 28.Rd7 Rxd7 29.Rxd7 Ne5
30.Rxa7 Qxf6 31.hxg5 Qf1+ 32.Kh2 Rxg5  0-1

[Event "Oberliga Bayern9596"]
[Site "Bayern"]
[Date "1996.??.??"]
[Round "?"]
[White "Gdanski, Jacek"]
[Black "Mischustov, Michael"]
[Result "1/2-1/2"]
[WhiteElo "2480"]
[BlackElo "2380"]

1.e4 e6 2.d4 d5 3.Nc3 Bb4 4.e5 Qd7 5.Qg4 f5 6.Qg3 b6 7.Nh3 Ba6 8.Bxa6 Nxa6
9.O-O h6 10.Nxd5 exd5 11.Qg6+ Kd8 12.Nf4 Kc8 13.e6 Qd8 14.Nxd5 Ne7 15.Nxe7+ Qxe7
16.Qxf5 c6 17.Qe4 Nc7 18.c3 Bd6 19.Qxc6 Qxe6 20.g3 Qd5 21.Qxd5 Nxd5 22.Bd2 Kd7
23.Rfe1 Rhe8 24.Kg2 Nf6 25.Rxe8 Rxe8 26.Re1 Rxe1 27.Bxe1 Ke6 28.Kf3 g5 29.h3 h5
30.g4 Bf4 31.c4 hxg4+ 32.hxg4 Ne8 33.Ke2 Nf6 34.f3 Nd7 35.Kd3 a6 36.Bf2 Kd6
37.b3 Ke6 38.Be1 Kd6 39.a4 a5 40.b4 axb4 41.Bxb4+ Ke6 42.a5 bxa5 43.Bxa5 Kd6
44.Ke4 Ke6 45.d5+ Kd6 46.Bd8 Kc5 47.Kf5 Kxc4 48.Bxg5 Bxg5 49.Kxg5 Kxd5 50.f4 Ke4
51.f5 Kf3 52.f6 Nxf6 53.Kxf6 Kxg4  1/2-1/2